000 00288nam a22001337a 4500
008 171101b xxu||||| |||| 00| 0 eng d
020 _a188693813-X
041 _aeng
080 _a339.9
100 _a59
101 _aGLO
245 _aPATHWAYS TO GROWTH
_cBIRDSALL,N
942 _2udc
_cBK
999 _c37115
_d37115